Fußball Rivalen vergleichen - Statistiken

Allgemein
  • Dieses Quiz wurde 199 mal gespielt
  • Das Durchschnittsergebnis liegt bei 7 aus 11
Antwortstatistiken
Frage Antwort % Korrekt
Welcher Verein gewann früher die englische Liga (seit 1888/89)?
88%
Welcher Verein hat mehr Champions League Siege?
86%
Welcher Verein hat mehr Siege im direkten Duell?
86%
Welcher Verein steht höher in der ewigen Tabelle der spanischen La Liga?
81%
Welcher Verein gewann häufiger den FA Cup?
81%
Welcher Verein gewann häufiger gegen den FC Barcelona?
73%
Welcher Verein gewann häufiger den DFB Pokal?
59%
Welcher Verein gewann häufiger im direkten Duell?
48%
Welcher Verein gewann häufiger die schottische Liga?
40%
Welcher Verein hat den höheren Serie A Sieg?
33%
Wessen Stadion hat eine höhere Zuschauer Kapazität?
27%
Keine übereinstimmenden Quizze gefunden
Verteilung der Resultate
Anzahl Personen mit jedem Resultat
Perzentil nach korrekt beantworteten Fragen
Ihre Resultats-Entwicklung
Sie haben dieses Quiz noch nicht gespielt